书目信息 |
| 题名: |
王阳明全集
|
|
| 作者: | 王守仁 著 ;陈明 , 王正 , 谷继明 注释 | |
| 分册: | 诗赋·墓志·祭文 | |
| 出版信息: | 武汉 华中科技大学出版社 2015 |
|
| 页数: | 22,257页 | |
| 开本: | 23cm | |
| 丛书名: | ||
| 单 册: | ||
| 中图分类: | B248.21 | |
| 科图分类: | ||
| 主题词: | 王守仁--Wang Shou Ren--(1472-1528)--文集 | |
| 电子资源: | ||
| ISBN: | 978-7-5609-9858-9 | |
| 000 | 00982nam0 22002651 450 | |
| 001 | 350718 | |
| 005 | 20161011100105.79 | |
| 010 | @a978-7-5609-9858-9@b精装@dCNY53.00 | |
| 100 | @a20150703d2015 em y0chiy50 ea | |
| 101 | 0 | @achi |
| 102 | @aCN@b420000 | |
| 105 | @ay z 000gy | |
| 106 | @ar | |
| 200 | 1 | @a王阳明全集@AWang Yang Ming Quan Ji@e简体注释版@i诗赋·墓志·祭文@f(明)王阳明著@g陈明,王正,谷继明等注释 |
| 210 | @a武汉@c华中科技大学出版社@d2015 | |
| 215 | @a22,257页@d23cm | |
| 330 | @a本书以1934年商务印书馆的《王文成公全书》为底本,同时参考了上海古籍出版社和浙江古籍出版社的《王阳明全集》,收录王阳明的诗赋、墓志和祭文若干。 | |
| 606 | 0 | @a王守仁@AWang Shou Ren@f(1472-1528)@j文集 |
| 690 | @aB248.21@v5 | |
| 701 | 0 | @c(明)@a王守仁@AWang Shou Ren@f(1472~1529)@4著 |
| 702 | 0 | @a陈明@AChen Ming@f(1962~)@4注释 |
| 702 | 0 | @a王正@AWang Zheng@4注释 |
| 702 | 0 | @a谷继明@AGu Ji Ming@4注释 |
| 801 | 0 | @aCN@bTANGWEI@c20160808 |
| 905 | @b0891435-9@dB248.21@e41@f5 | |
| 王阳明全集:简体注释版.诗赋·墓志·祭文/(明)王阳明著/陈明,王正,谷继明等注释 .-武汉:华中科技大学出版社,2015 |
| 22,257页;23cm |
| ISBN 978-7-5609-9858-9(精装):CNY53.00 |
| 本书以1934年商务印书馆的《王文成公全书》为底本,同时参考了上海古籍出版社和浙江古籍出版社的《王阳明全集》,收录王阳明的诗赋、墓志和祭文若干。 |
| ● |
| 相关链接 |
|
|
|
|
正题名:王阳明全集
索取号:B248.21/41
 
预约/预借
| 序号 | 登录号 | 条形码 | 馆藏地/架位号 | 状态 | 备注 |
| 1 | 0891435 | 208914353 | 第一样本阅览室/ [索取号:B248.21/41] | 在馆 | |
| 2 | 0891436 | 208914362 | 第一借阅区/ [索取号:B248.21/41] | 在馆 | |
| 3 | 0891437 | 208914371 | 第一借阅区/ [索取号:B248.21/41] | 在馆 | |
| 4 | 0891438 | 208914380 | 第一借阅区/ [索取号:B248.21/41] | 在馆 | |
| 5 | 0891439 | 208914399 | 第一借阅区/ [索取号:B248.21/41] | 在馆 |